<?xml version="1.0" encoding="UTF-8"?>
<collection xmlns="http://www.loc.gov/MARC21/slim">
 <record>
  <leader>04345cam a2200709   4500</leader>
  <controlfield tag="001">718708067</controlfield>
  <controlfield tag="003">DE-627</controlfield>
  <controlfield tag="005">20240309190922.0</controlfield>
  <controlfield tag="007">tu</controlfield>
  <controlfield tag="008">120703s2012    fr ||||| c    00| ||fre c</controlfield>
  <datafield tag="010" ind1=" " ind2=" ">
   <subfield code="a">  2012476642</subfield>
  </datafield>
  <datafield tag="020" ind1=" " ind2=" ">
   <subfield code="a">2351250974</subfield>
   <subfield code="9">2-35125-097-4</subfield>
  </datafield>
  <datafield tag="020" ind1=" " ind2=" ">
   <subfield code="a">9782351250976</subfield>
   <subfield code="9">978-2-35125-097-6</subfield>
  </datafield>
  <datafield tag="024" ind1="3" ind2=" ">
   <subfield code="a">9782351250976</subfield>
  </datafield>
  <datafield tag="035" ind1=" " ind2=" ">
   <subfield code="a">(DE-627)718708067</subfield>
  </datafield>
  <datafield tag="035" ind1=" " ind2=" ">
   <subfield code="a">(DE-576)36611056X</subfield>
  </datafield>
  <datafield tag="035" ind1=" " ind2=" ">
   <subfield code="a">(DE-599)GBV718708067</subfield>
  </datafield>
  <datafield tag="035" ind1=" " ind2=" ">
   <subfield code="a">(OCoLC)795008589</subfield>
  </datafield>
  <datafield tag="035" ind1=" " ind2=" ">
   <subfield code="a">(OCoLC)799189896</subfield>
  </datafield>
  <datafield tag="040" ind1=" " ind2=" ">
   <subfield code="a">DE-627</subfield>
   <subfield code="b">ger</subfield>
   <subfield code="c">DE-627</subfield>
   <subfield code="e">rakwb</subfield>
  </datafield>
  <datafield tag="041" ind1=" " ind2=" ">
   <subfield code="a">fre</subfield>
  </datafield>
  <datafield tag="044" ind1=" " ind2=" ">
   <subfield code="c">XA-FR</subfield>
  </datafield>
  <datafield tag="050" ind1=" " ind2="0">
   <subfield code="a">NE2050.5.K55</subfield>
  </datafield>
  <datafield tag="082" ind1="0" ind2=" ">
   <subfield code="a">769.92</subfield>
   <subfield code="q">LOC</subfield>
   <subfield code="2">23</subfield>
  </datafield>
  <datafield tag="082" ind1="0" ind2="4">
   <subfield code="a">760</subfield>
   <subfield code="q">DNB</subfield>
  </datafield>
  <datafield tag="084" ind1=" " ind2=" ">
   <subfield code="a">9,10</subfield>
   <subfield code="2">ssgn</subfield>
  </datafield>
  <datafield tag="084" ind1=" " ind2=" ">
   <subfield code="a">LI 47550</subfield>
   <subfield code="2">rvk</subfield>
   <subfield code="0">(DE-625)rvk/96397:</subfield>
  </datafield>
  <datafield tag="084" ind1=" " ind2=" ">
   <subfield code="a">20.31</subfield>
   <subfield code="2">bkl</subfield>
  </datafield>
  <datafield tag="084" ind1=" " ind2=" ">
   <subfield code="a">21.32</subfield>
   <subfield code="2">bkl</subfield>
  </datafield>
  <datafield tag="245" ind1="1" ind2="0">
   <subfield code="a">Max Klinger</subfield>
   <subfield code="b">le théâtre de l'étrange ; les suites gravées, 1879 - 1915 ; [publié à l'occasion de l'Exposition &quot;Max Klinger - Le Théâtre de l'Étrange. Les Suites Gravées, 1879 - 1915&quot;, présentée au Musée d'Art Moderne et Contemporain de la Ville de Strasbourg du 12 mai au 19 août 2012]</subfield>
   <subfield code="c">[commissariat, Marie-Jeanne Geyer ...]</subfield>
  </datafield>
  <datafield tag="246" ind1="3" ind2="3">
   <subfield code="a">Max Klinger</subfield>
  </datafield>
  <datafield tag="264" ind1=" " ind2="1">
   <subfield code="a">Strasbourg</subfield>
   <subfield code="b">Éd. des Musées de la Ville de Strasbourg</subfield>
   <subfield code="c">2012</subfield>
  </datafield>
  <datafield tag="300" ind1=" " ind2=" ">
   <subfield code="a">270 S.</subfield>
   <subfield code="b">überw. Ill.</subfield>
   <subfield code="c">28 cm</subfield>
  </datafield>
  <datafield tag="336" ind1=" " ind2=" ">
   <subfield code="a">Text</subfield>
   <subfield code="b">txt</subfield>
   <subfield code="2">rdacontent</subfield>
  </datafield>
  <datafield tag="336" ind1=" " ind2=" ">
   <subfield code="a">unbewegtes Bild</subfield>
   <subfield code="b">sti</subfield>
   <subfield code="2">rdacontent</subfield>
  </datafield>
  <datafield tag="337" ind1=" " ind2=" ">
   <subfield code="a">ohne Hilfsmittel zu benutzen</subfield>
   <subfield code="b">n</subfield>
   <subfield code="2">rdamedia</subfield>
  </datafield>
  <datafield tag="338" ind1=" " ind2=" ">
   <subfield code="a">Band</subfield>
   <subfield code="b">nc</subfield>
   <subfield code="2">rdacarrier</subfield>
  </datafield>
  <datafield tag="520" ind1=" " ind2=" ">
   <subfield code="a">Peintre et sculpteur influent au sein de l'Allemagne de la fin du XIXe siècle, c'est surtout par son oeuvre gravée que Max Klinger (1857-1920) a marqué l'histoire de l'art. Sa virtuosité technique et son goût pour l'expérimentation y servent une étonnante liberté figurative centaures alanguis, dieux grecs et princes batifolant y croisent expressions tragiques de la misère sociale contemporaine, dans des scènes qui ont la densité et l'évidence du rêve. Par ce qu'on pourrait qualifier de phénomène de condensation onirique, ses planches gravées synthétisent les forces contradictoires de cette fin de siècle européen mythologie, prophétisme, réalisme, darwinisme, érotisme se nourrissent réciproquement. Le présent ouvrage rassemble l'intégralité des quatorze portfolios que le graveur mélomane intitule &quot;opus</subfield>
  </datafield>
  <datafield tag="583" ind1="1" ind2=" ">
   <subfield code="a">Archivierung/Langzeitarchivierung gewährleistet</subfield>
   <subfield code="f">SSG</subfield>
   <subfield code="x">XA-DE-BW</subfield>
   <subfield code="2">pdager</subfield>
   <subfield code="5">DE-16</subfield>
  </datafield>
  <datafield tag="600" ind1="1" ind2="0">
   <subfield code="a">Klinger, Max</subfield>
   <subfield code="d">1857-1920</subfield>
   <subfield code="x">Themes, motives</subfield>
   <subfield code="v">Exhibitions</subfield>
  </datafield>
  <datafield tag="655" ind1=" " ind2="7">
   <subfield code="a">Ausstellungskatalog</subfield>
   <subfield code="y">2012</subfield>
   <subfield code="z">Straßburg</subfield>
   <subfield code="0">(DE-588)4135467-9</subfield>
   <subfield code="0">(DE-627)10566491X</subfield>
   <subfield code="0">(DE-576)209660988</subfield>
   <subfield code="2">gnd-content</subfield>
  </datafield>
  <datafield tag="689" ind1="0" ind2="0">
   <subfield code="d">p</subfield>
   <subfield code="0">(DE-588)118563335</subfield>
   <subfield code="0">(DE-627)137821646</subfield>
   <subfield code="0">(DE-576)161740278</subfield>
   <subfield code="a">Klinger, Max</subfield>
   <subfield code="d">1857-1920</subfield>
   <subfield code="2">gnd</subfield>
  </datafield>
  <datafield tag="689" ind1="0" ind2="1">
   <subfield code="d">s</subfield>
   <subfield code="0">(DE-588)4113357-2</subfield>
   <subfield code="0">(DE-627)104279680</subfield>
   <subfield code="0">(DE-576)20947582X</subfield>
   <subfield code="a">Druckgrafik</subfield>
   <subfield code="2">gnd</subfield>
  </datafield>
  <datafield tag="689" ind1="0" ind2="2">
   <subfield code="a">z</subfield>
   <subfield code="2">gnd</subfield>
   <subfield code="a">Geschichte 1879-1915</subfield>
  </datafield>
  <datafield tag="689" ind1="0" ind2=" ">
   <subfield code="5">(DE-627)</subfield>
  </datafield>
  <datafield tag="700" ind1="1" ind2=" ">
   <subfield code="a">Klinger, Max</subfield>
   <subfield code="d">1857-1920</subfield>
   <subfield code="e">Ill.</subfield>
   <subfield code="0">(DE-588)118563335</subfield>
   <subfield code="0">(DE-627)137821646</subfield>
   <subfield code="0">(DE-576)161740278</subfield>
   <subfield code="4">ill</subfield>
  </datafield>
  <datafield tag="700" ind1="1" ind2=" ">
   <subfield code="a">Geyer, Marie-Jeanne</subfield>
   <subfield code="4">oth</subfield>
  </datafield>
  <datafield tag="710" ind1="2" ind2=" ">
   <subfield code="a">Musée d'art moderne et contemporain de Strasbourg</subfield>
   <subfield code="0">(DE-588)10161886-4</subfield>
   <subfield code="0">(DE-627)524539251</subfield>
   <subfield code="0">(DE-576)262240157</subfield>
   <subfield code="4">oth</subfield>
  </datafield>
  <datafield tag="711" ind1="2" ind2=" ">
   <subfield code="a">Exposition Max Klinger - Le Théâtre de l'Étrange. Les Suites Gravées, 1879 - 1915</subfield>
   <subfield code="d">2012</subfield>
   <subfield code="c">Straßburg</subfield>
   <subfield code="0">(DE-588)1024143791</subfield>
   <subfield code="0">(DE-627)719215943</subfield>
   <subfield code="0">(DE-576)368004392</subfield>
   <subfield code="4">oth</subfield>
  </datafield>
  <datafield tag="787" ind1="0" ind2="8">
   <subfield code="i">Rezensiert in</subfield>
   <subfield code="a">Schaefer, Sarah</subfield>
   <subfield code="t">Max Klinger</subfield>
   <subfield code="d">2013</subfield>
   <subfield code="w">(DE-627)176137236X</subfield>
  </datafield>
  <datafield tag="787" ind1="0" ind2="8">
   <subfield code="i">Rezensiert in</subfield>
   <subfield code="a">Juntunen, Eveliina, 1975 - </subfield>
   <subfield code="t">[Rezension von: Max Klinger, Le théâtre de l'étrange. Les suites gravées 1879-1915]</subfield>
   <subfield code="d">2013</subfield>
   <subfield code="w">(DE-627)1878147676</subfield>
  </datafield>
  <datafield tag="856" ind1="4" ind2="2">
   <subfield code="u">https://swbplus.bsz-bw.de/bsz36611056Xinh.htm</subfield>
   <subfield code="m">B:DE-576;DE-16</subfield>
   <subfield code="q">application/pdf</subfield>
   <subfield code="v">20120822165541</subfield>
   <subfield code="x">Verlag</subfield>
   <subfield code="3">Inhaltsverzeichnis</subfield>
  </datafield>
  <datafield tag="935" ind1=" " ind2=" ">
   <subfield code="i">Blocktest</subfield>
  </datafield>
  <datafield tag="936" ind1="r" ind2="v">
   <subfield code="a">LI 47550</subfield>
   <subfield code="b">Klinger, Max</subfield>
   <subfield code="k">Kunstgeschichte</subfield>
   <subfield code="k">Künstler-Monografien</subfield>
   <subfield code="k">Alphabetische Künstlerliste</subfield>
   <subfield code="k">Künstler K</subfield>
   <subfield code="k">Klinger, Max</subfield>
   <subfield code="0">(DE-627)1271134411</subfield>
   <subfield code="0">(DE-625)rvk/96397:</subfield>
   <subfield code="0">(DE-576)201134411</subfield>
  </datafield>
  <datafield tag="936" ind1="b" ind2="k">
   <subfield code="a">20.31</subfield>
   <subfield code="j">Bildende Künstler</subfield>
   <subfield code="0">(DE-627)181571080</subfield>
  </datafield>
  <datafield tag="936" ind1="b" ind2="k">
   <subfield code="a">21.32</subfield>
   <subfield code="j">Geschichte der Graphik</subfield>
   <subfield code="0">(DE-627)106405756</subfield>
  </datafield>
  <datafield tag="951" ind1=" " ind2=" ">
   <subfield code="a">BO</subfield>
  </datafield>
  <datafield tag="990" ind1=" " ind2=" ">
   <subfield code="a">Klinger, Max</subfield>
  </datafield>
  <datafield tag="990" ind1=" " ind2=" ">
   <subfield code="a">Druckgrafik</subfield>
  </datafield>
  <datafield tag="990" ind1=" " ind2=" ">
   <subfield code="a">Geschichte 1879-1915</subfield>
  </datafield>
  <datafield tag="991" ind1=" " ind2=" ">
   <subfield code="a">Rezensiertes Werk</subfield>
  </datafield>
  <datafield tag="999" ind1=" " ind2=" ">
   <subfield code="a">KXP-PPN718708067</subfield>
   <subfield code="e">4635351807</subfield>
  </datafield>
 </record>
</collection>
